[Event "FIDE Grand Prix 3 Pool A"]
[Site "Berlin GER"]
[Date "2022.03.23"]
[Round "2.2"]
[White "Nakamura,Hi"]
[Black "Esipenko,Andrey"]
[Result "1/2-1/2"]
[WhiteElo "2750"]
[BlackElo "2723"]

1.d4 Nf6 2.c4 e6 3.Nc3 Bb4 4.e3 O-O 5.Bd2 d5 6.Nf3 b6 7.cxd5 exd5 8.Bd3 Re8
9.O-O Bb7 10.Ne5 Bf8 11.f4 c5 12.Be1 cxd4 13.exd4 Nc6 14.Bf2 a6 15.a3 b5
16.Rc1 Qd6 17.Qf3 Rac8 18.Rfe1 Na5 19.b4 Nc4 20.Bxc4 bxc4 21.Na4 Ne4 22.Nc5 Ba8
23.Qe2 a5 24.Qa2 axb4 25.axb4 Rb8 26.Nxe4 dxe4 27.Nxc4 Qe6 28.Qe2 Rxb4 29.Be3 Bd5
30.Nd2 Rb2 31.Rb1 Reb8 32.Rxb2 Rxb2 33.Rb1 Qb6 34.Qf1 Qb4 35.Rxb2 Qxb2 36.Qb1 Qa3
37.Kf2 h6 38.Qb5 Qa8 39.f5 Be7 40.g3 Bf6 41.h4 Qa2 42.Qb8+ Kh7 43.Qb1 Qa8
44.Qb5 Kg8 45.Kg1 Kh8 46.Kg2 Qa2 47.Qc5 Kh7 48.Kf2 Bd8 49.Qf8 Bf6 50.Qc5 h5
51.Kg1 Bd8 52.Qf8 Bf6 53.Qc5 Qa8 54.Qb5 Kg8 55.Kf2 Bc6 56.Qc5 Bd5 57.Bg5 Qa2
58.Qc3 Qa4 59.Bxf6 gxf6 60.Qe3 Qc2 61.Qe2 Qc3 62.Qe3 Qc2 63.Qe2 Qc3 64.Qe3  1/2-1/2

[Event "FIDE Grand Prix 3 Pool A"]
[Site "Berlin GER"]
[Date "2022.03.24"]
[Round "3.1"]
[White "Oparin,G"]
[Black "Nakamura,Hi"]
[Result "1/2-1/2"]
[WhiteElo "2674"]
[BlackElo "2750"]

1.d4 Nf6 2.c4 g6 3.Nc3 Bg7 4.e4 d6 5.Be2 O-O 6.h4 c5 7.d5 e6 8.h5 exd5 9.exd5 Re8
10.h6 Bh8 11.Bg5 Qb6 12.b3 Ne4 13.Nxe4 Rxe4 14.Kf1 Na6 15.Bd3 Bg4 16.f3 Rd4
17.Qe2 Bd7 18.Re1 Nb4 19.Bxg6 Nxd5 20.Bxh7+ Kxh7 21.Qc2+ f5 22.cxd5 Be5 23.Ne2 Qa6
24.Kf2 Qd3 25.Qxd3 Rxd3 26.Rd1 Rxd1 27.Rxd1 a5 28.Rd3 a4 29.Re3 axb3 30.axb3 Ra2
31.Kg1 Ra1+ 32.Kf2 Ra2 33.Kg1  1/2-1/2

[Event "FIDE Grand Prix 3 Pool A"]
[Site "Berlin GER"]
[Date "2022.03.27"]
[Round "5.1"]
[White "Nakamura,Hi"]
[Black "Oparin,G"]
[Result "1-0"]
[WhiteElo "2750"]
[BlackElo "2674"]

1.d4 Nf6 2.c4 e6 3.Nc3 Bb4 4.Qc2 d5 5.a3 Bxc3+ 6.Qxc3 O-O 7.Nf3 dxc4 8.Qxc4 b6
9.h4 Ba6 10.Qc2 c5 11.dxc5 Nbd7 12.c6 Rc8 13.Bg5 Bb7 14.Nd4 Ne5 15.Rd1 Qe7
16.Rh3 Nxc6 17.Nxc6 Rxc6 18.Qa4 h6 19.Bxf6 Qxf6 20.Qxa7 Ba8 21.Rb3 Rd8 22.Rbd3 Rdc8
23.Rd4 e5 24.R4d2 Qxh4 25.g3 Qh1 26.Qe7 Rf6 27.Rd8+ Rxd8 28.Qxd8+ Kh7 29.f3 Be4
30.Rd6 Rxd6 31.Qxd6 Qg1 32.Qxe5 Bg6 33.g4 f6 34.Qf4 Qc5 35.Qd2 f5 36.gxf5 Bxf5
37.e3 Qe5 38.f4 Qe7 39.Bg2 h5 40.Qd4 Qh4+ 41.Kf1 Qg4 42.Qd2 h4 43.Qe2 g5
44.Qxg4 Bxg4 45.Bc6 Kg6 46.b4 gxf4 47.exf4 Kf6 48.a4 Ke7 49.Be4 Kd6 50.f5 Bd1
51.a5 bxa5 52.bxa5 Kc5 53.f6 Bb3 54.Bd3 Kd6 55.a6 Bd5 56.a7 Kc7 57.a8=R  1-0

[Event "FIDE Grand Prix 3 Playoff"]
[Site "Berlin GER"]
[Date "2022.04.01"]
[Round "1.4"]
[White "Mamedyarov,S"]
[Black "Nakamura,Hi"]
[Result "0-1"]
[WhiteElo "2776"]
[BlackElo "2750"]

1.c4 Nf6 2.g3 e5 3.Bg2 c6 4.d4 exd4 5.Qxd4 Na6 6.Nc3 Bc5 7.Qd1 O-O 8.Nf3 d6
9.O-O Be6 10.b3 d5 11.cxd5 Nxd5 12.Ne4 Be7 13.Bb2 Nf6 14.Neg5 Qxd1 15.Raxd1 Bc8
16.Nd4 Re8 17.Nxc6 bxc6 18.Bxc6 Bf5 19.e4 Bg6 20.f3 Ng4 21.Bc1 Bc5+ 22.Kg2 Ne3+
23.Bxe3 Bxe3 24.Nh3 Nb4 25.Bxe8 Rxe8 26.Nf4 Nxa2 27.Nd5 Bc5 28.Ra1 Nb4 29.Nxb4 Bxb4
30.Rxa7 f5 31.exf5 Re2+ 32.Kh1 Bxf5 33.Rb7 Bh3 34.Rc1 Bc5  0-1

[Event "FIDE Grand Prix 3 Playoff"]
[Site "Berlin GER"]
[Date "2022.04.01"]
[Round "1.1"]
[White "Nakamura,Hi"]
[Black "Mamedyarov,S"]
[Result "1/2-1/2"]
[WhiteElo "2750"]
[BlackElo "2776"]

1.e4 e5 2.Nf3 Nf6 3.Nxe5 d6 4.Nf3 Nxe4 5.Qe2 Qe7 6.d3 Nf6 7.Bg5 Qxe2+ 8.Bxe2 Be7
9.O-O h6 10.Bd2 c5 11.c4 Nc6 12.Nc3 O-O 13.Rfe1 Be6 14.Bd1 d5 15.Ba4 Rfd8
16.cxd5 Nxd5 17.Nxd5 Rxd5 18.Bxc6 bxc6 19.Ne5 Bf6 20.Bc3 Bxe5 21.Rxe5 Rxe5
22.Bxe5 Rd8 23.f3 Rxd3 24.Bc3 f6 25.a3 Kf7 26.h4 g5 27.hxg5 hxg5 28.Kf2 a6
29.Rh1 Kg7 30.Re1 Kf7  1/2-1/2

[Event "FIDE Grand Prix 3 Playoff"]
[Site "Berlin GER"]
[Date "2022.04.01"]
[Round "1.2"]
[White "Mamedyarov,S"]
[Black "Nakamura,Hi"]
[Result "1/2-1/2"]
[WhiteElo "2776"]
[BlackElo "2750"]

1.d4 Nf6 2.c4 e6 3.Nf3 d5 4.Nc3 Be7 5.Bf4 O-O 6.e3 Nbd7 7.c5 c6 8.b4 b6 9.h4 a5
10.a3 Ng4 11.Be2 h5 12.b5 Bb7 13.cxb6 Qxb6 14.O-O Rfc8 15.bxc6 Bxc6 16.Ng5 Nf8
17.Bd3 Be8 18.Rb1 Qd8 19.Na4 Ra7 20.Qb3 Bd6 21.Bxd6 Qxd6 22.Nf3 Rac7 23.Nc5 Nd7
24.Nxd7 Bxd7 25.a4 Rc3 26.Qd1 Bxa4 27.Qxa4 Rxd3 28.Qxa5 Rdc3 29.Qa7 R3c6
30.Rb2 Rc1 31.Rb1 R1c6 32.Rb2 Ra6 33.Qb7 Raa8 34.Rfb1 Qc7 35.Qxc7 Rxc7 36.Nh2 Nh6
37.Nf3 f6 38.Ne1 Ra3 39.g3 Rac3 40.Rb3 Rxb3 41.Rxb3 Rc1 42.Kf1 g5 43.Rb8+ Kg7
44.Rb7+ Kg6 45.hxg5 fxg5 46.Ke2 Ra1 47.Nd3 Ra2+ 48.Rb2 Rxb2+ 49.Nxb2 h4 50.gxh4 gxh4
51.Kf3  1/2-1/2

[Event "FIDE Grand Prix 3 Playoff"]
[Site "Berlin GER"]
[Date "2022.04.01"]
[Round "1.3"]
[White "Nakamura,Hi"]
[Black "Mamedyarov,S"]
[Result "1-0"]
[WhiteElo "2750"]
[BlackElo "2776"]

1.Nf3 Nf6 2.b3 d5 3.Bb2 c5 4.e3 Nc6 5.d4 Bg4 6.Be2 e6 7.Nbd2 cxd4 8.exd4 Be7
9.O-O O-O 10.a3 Rc8 11.h3 Bh5 12.Bd3 Bd6 13.Re1 Re8 14.g4 Bg6 15.Bxg6 hxg6
16.Ne5 g5 17.c4 Nd7 18.Nd3 Nf8 19.c5 Bb8 20.b4 Ng6 21.Nf3 f6 22.Qc2 Kf7 23.Re2 Qc7
24.Re3 Rh8 25.Rae1 Kf8 26.Qe2 Rxh3 27.Rxe6 Kg8 28.Re8+ Kh7 29.Re3 Kg8 30.Re8+ Kh7
31.Re3 Rh6 32.b5 Na5 33.Re6 Rh3 34.Re3 Rh4 35.Qc2 Rxg4+ 36.Kf1 Nc4 37.Re6 Qd7
38.c6 bxc6 39.Nc5 Qc7 40.Bc1 Kh6 41.Qf5  1-0

[Event "Chess.com Rapid Wk8 Swiss"]
[Site "chess.com INT"]
[Date "2022.04.02"]
[Round "1"]
[White "Grischuk,A"]
[Black "Nakamura,Hi"]
[Result "1-0"]
[WhiteElo "2742"]
[BlackElo "2750"]

1.d4 Nf6 2.c4 e6 3.Nc3 Bb4 4.e3 O-O 5.a3 Bxc3+ 6.bxc3 c5 7.Bd3 Nc6 8.Nf3 d5
9.O-O dxc4 10.Bxc4 Qc7 11.Bb2 b6 12.Qe2 e5 13.h3 Bb7 14.Rac1 Rad8 15.Rfd1 Rfe8
16.Ba2 Qe7 17.d5 Nb8 18.e4 Rf8 19.c4 Nbd7 20.Nh4 g6 21.g3 Ne8 22.Bb1 Nd6
23.Kh2 Rde8 24.Re1 a6 25.Bd3 Rc8 26.a4 a5 27.Bc3 Rce8 28.Rb1 Bc8 29.Rb3 Qd8
30.Qb2 Ba6 31.Qe2 Re7 32.Rb2 Rfe8 33.f3 f6 34.Reb1 Rf7 35.Ng2 f5 36.exf5 gxf5
37.Ne3 e4 38.fxe4 Nxe4 39.Bxe4 Rxe4 40.Qf3 Qg5 41.Re1 Bxc4 42.Nxc4 Rxc4 43.Rbe2 Nf6
44.Re5 Qg6 45.d6 Ne4 46.Re8+ Rf8 47.Rxf8+ Kxf8 48.d7 Ke7 49.Rd1 Kd8 50.Be5 Rc2+
51.Kg1 Qc6 52.Qxf5 Rf2 53.Qh5 Rf8 54.Qh4+ Nf6 55.Rd6 Qxa4  1-0

[Event "Chess.com Rapid Wk8 Swiss"]
[Site "chess.com INT"]
[Date "2022.04.02"]
[Round "2"]
[White "Nakamura,Hi"]
[Black "Demchenko,A"]
[Result "0-1"]
[WhiteElo "2750"]
[BlackElo "2654"]

1.Nf3 Nf6 2.b3 g6 3.Bb2 Bg7 4.d4 O-O 5.e3 d6 6.Be2 Nbd7 7.O-O Re8 8.c4 c6
9.b4 a5 10.b5 cxb5 11.cxb5 a4 12.Na3 Nb6 13.Nd2 d5 14.Rc1 Bf5 15.g4 Be6 16.Nab1 Qd7
17.h3 h5 18.f3 Bh6 19.Kf2 Rec8 20.Rg1 Bg5 21.Rh1 Bh4+ 22.Kg2 Rxc1 23.Bxc1 Rc8
24.Ba3 Nc4 25.Nxc4 dxc4 26.Nc3 Nd5 27.Qd2 Qc7 28.f4 Qa5 29.Rc1 Nxc3 30.Qxc3 Bd5+
31.Bf3 Bxf3+ 32.Kxf3 Qxb5 33.e4 e6 34.g5 f6 35.Bb2 Rf8 36.Rc2 fxg5 37.d5 g4+
38.hxg4 Bf6 39.e5 Qxd5+ 40.Kg3 Bh4+ 41.Kxh4 Rxf4 42.Rh2 Qd1 43.Kg5 Qxg4+
44.Kh6 Rf7  0-1

[Event "Chess.com Rapid Wk8 Swiss"]
[Site "chess.com INT"]
[Date "2022.04.02"]
[Round "3"]
[White "Saric,Iv"]
[Black "Nakamura,Hi"]
[Result "0-1"]
[WhiteElo "2695"]
[BlackElo "2750"]

1.Nf3 f5 2.g3 d6 3.Bg2 e5 4.d3 g6 5.e4 fxe4 6.dxe4 Nf6 7.Nc3 Bg7 8.Bg5 O-O
9.Qd2 Nc6 10.O-O-O Qe8 11.Bxf6 Bxf6 12.Nd5 Bd8 13.Ng5 h6 14.Nh3 Bxh3 15.Bxh3 Nd4
16.Kb1 c6 17.Ne3 Be7 18.f4 exf4 19.gxf4 Nf3 20.Qg2 Rxf4 21.Nf5 Bg5 22.Nxd6 Qe7
23.Bg4 Ne5 24.Be2 Raf8 25.Qg3 b5 26.Qc3 R4f6 27.Nb7 Rf2 28.Rde1 Bh4 29.Na5 Rg2
30.Reg1 Rxe2 31.Nxc6 Nxc6 32.Rxg6+ Kh7 33.Rxc6 Rf7 34.a4 Qxe4 35.Rg1 b4 36.Qb3 Qf3
37.Qc4 b3 38.Rxh6+ Kxh6 39.Qxh4+ Qh5 40.Qd4 bxc2+ 41.Ka2 Re8 42.Qd2+ Kh7
43.Qxc2+ Qf5 44.Qc3 Re6 45.Qg3 Rg6 46.Qh4+ Kg8  0-1

[Event "Chess.com Rapid Wk8 Swiss"]
[Site "chess.com INT"]
[Date "2022.04.02"]
[Round "4"]
[White "Nakamura,Hi"]
[Black "Niemann,Hans Moke"]
[Result "1/2-1/2"]
[WhiteElo "2750"]
[BlackElo "2637"]

1.Nf3 d5 2.b3 Nf6 3.Bb2 Bf5 4.g3 e6 5.d3 h6 6.Nbd2 Bc5 7.Bg2 O-O 8.O-O Nc6
9.e3 Re8 10.a3 a5 11.d4 Bf8 12.c4 a4 13.cxd5 exd5 14.b4 Nb8 15.Ne5 Nbd7 16.Rc1 c6
17.f3 Bh7 18.Re1 Bd6 19.Nxd7 Qxd7 20.e4 dxe4 21.fxe4 Bc7 22.e5 Nd5 23.Ne4 Bxe4
24.Bxe4 Bb6 25.Qf3 Rad8 26.Rcd1 Nc7 27.Kh1 Qe6 28.b5 Nxb5 29.d5 cxd5 30.Bxd5 Qe7
31.Rf1 Rf8 32.Qf5 Bd4 33.Bc4 Bxb2 34.Bxb5 Rxd1 35.Rxd1 Qxa3 36.e6 fxe6 37.Qxe6+ Kh8
38.Qe4 Qf3+ 39.Qxf3 Rxf3 40.Rd8+ Kh7 41.Bxa4 Rf1+ 42.Kg2 Rc1 43.Rd7 b6 44.Rd6 Rc4
45.Bb3 Rc7 46.h4 Be5 47.Rxb6 Rc3 48.Rb5 Rxg3+ 49.Kf2 Rc3 50.h5 g6 51.Rb7+ Bg7
52.Bd5 gxh5 53.Be4+ Kg8 54.Kg2 h4 55.Rb8+ Kf7 56.Rb7+ Kf6 57.Rb5 Bf8 58.Rf5+ Kg7
59.Rf3 Rc4 60.Rf7+ Kg8 61.Bd5 Rd4 62.Ba2 Bg7 63.Rb7+ Kh7 64.Bb1+ Kg8 65.Ba2+ Kh7
66.Bb3 Kg6 67.Kh3 Bf6 68.Bc2+ Kh5 69.Rb5+ Bg5 70.Rb6 Bf4 71.Rb5+ Bg5 72.Rb8 Rd2
73.Rc8 Be7 74.Rc4 Bf6 75.Rc5+ Bg5 76.Bf5 Rd4 77.Rc6 Be7 78.Bg6+ Kg5 79.Bh7 Bd6
80.Rc2 Rg4 81.Rg2 Rg3+ 82.Rxg3+ hxg3 83.Be4 h5 84.Kg2 h4 85.Bb7 Kf4 86.Bc8 Be7
87.Bh3 Bg5 88.Bc8 Bf6 89.Bh3 Bg5 90.Bc8 Bf6 91.Bh3 Bg5  1/2-1/2

[Event "Chess.com Rapid Wk8 Swiss"]
[Site "chess.com INT"]
[Date "2022.04.02"]
[Round "5"]
[White "Hansen,Eric"]
[Black "Nakamura,Hi"]
[Result "0-1"]
[WhiteElo "2606"]
[BlackElo "2750"]

1.e4 c6 2.d4 d5 3.e5 Bf5 4.Nf3 e6 5.Be2 h6 6.O-O Nd7 7.c3 Ne7 8.Nbd2 g5 9.Nb3 Qc7
10.Ne1 f6 11.Bh5+ Bg6 12.Bxg6+ Nxg6 13.Qh5 Rg8 14.f4 gxf4 15.Bxf4 fxe5 16.Bg3 O-O-O
17.Nd3 Bd6 18.Nbc5 Bxc5 19.dxc5 Qa5 20.Qxh6 Qb5 21.Qe3 e4 22.Nf4 Nxf4 23.Rxf4 Qxb2
24.Raf1 Qxa2 25.Rf7 e5 26.Qh6 Qa5 27.Qe6 Rge8 28.Qf5 Qxc5+ 29.Kh1 e3 30.Bh4 e2
31.Re1 Qxc3 32.Qf2 Rf8 33.Rxf8 Rxf8 34.Qxe2 Rf4  0-1

[Event "Chess.com Rapid Wk8 Swiss"]
[Site "chess.com INT"]
[Date "2022.04.02"]
[Round "6"]
[White "Nakamura,Hi"]
[Black "Jumabayev,R"]
[Result "1-0"]
[WhiteElo "2750"]
[BlackElo "2628"]

1.Nf3 e6 2.b3 Nf6 3.Bb2 b6 4.g3 Bb7 5.Bg2 Be7 6.O-O O-O 7.e3 c5 8.Qe2 d5
9.d4 Nc6 10.Rd1 Qc7 11.dxc5 bxc5 12.Nbd2 Rfd8 13.c4 d4 14.exd4 cxd4 15.Ne1 a5
16.a3 Nd7 17.Nd3 Nc5 18.Nxc5 Bxc5 19.Nf3 h6 20.Ne1 Qb6 21.Nd3 Rac8 22.Rab1 Bf8
23.b4 axb4 24.axb4 Ne7 25.Bxb7 Qxb7 26.Nc5 Qxb4 27.Bxd4 Qxb1 28.Rxb1 Rxd4
29.Rb5 Kh8 30.Nd3 Rdxc4 31.Ne5 Rc1+ 32.Kg2 Kg8 33.Rb7 R1c7 34.Qf3 Nf5 35.Rxc7 Rxc7
36.Qa8 Nd6 37.Qd8 Rc8 38.Qd7 Ra8 39.g4 g5 40.h4 Ra5 41.Nc6 Rd5 42.Nd8 Rd4
43.f3 Rf4 44.Nc6 gxh4 45.Ne5 Kg7 46.Qd8 Nc4 47.Nd3 Ne3+ 48.Kf2 Nxg4+ 49.Ke2 Rc4
50.fxg4 Rxg4 51.Qc7 h3 52.Nf2 Rg2 53.Kf3 Rg6 54.Nxh3 Rf6+ 55.Ke4 Rf5 56.Nf4 Kg8
57.Qd7 Bg7 58.Ne2 Kh7 59.Ng3 Re5+ 60.Kf3 Kg6 61.Qd3+ f5 62.Qd7  1-0

[Event "Chess.com Rapid Wk8 Swiss"]
[Site "chess.com INT"]
[Date "2022.04.02"]
[Round "7"]
[White "Sarana,A"]
[Black "Nakamura,Hi"]
[Result "0-1"]
[WhiteElo "2675"]
[BlackElo "2750"]

1.d4 f5 2.c4 Nf6 3.Nc3 d6 4.Bg5 c6 5.e3 Qa5 6.Bxf6 exf6 7.Bd3 g6 8.h4 h5
9.Ne2 Be6 10.Nf4 Bf7 11.Qe2 Nd7 12.a3 Qc7 13.e4 O-O-O 14.exf5 Re8 15.Ne6 Bxe6
16.fxe6 f5 17.O-O Nf6 18.d5 Ng4 19.g3 Bg7 20.Rac1 Kb8 21.Kg2 Rhf8 22.f3 Ne5
23.f4 Ng4 24.b4 Bxc3 25.Rxc3 cxd5 26.Rcc1 d4 27.Kh3 Ne3 28.Rf2 Rxe6 29.Qf3 Qc6
30.Qxc6 bxc6 31.c5 dxc5 32.Rxc5 Rfe8 33.Rd2 Ng4 34.Bc4 Re1 35.Kg2 Kc7 36.b5 Rb1
37.Rxc6+ Kb8 38.Be2 Ne3+ 39.Kf2 Rh1 40.Rxd4 Rh2+ 41.Ke1 Ng4 42.Rc2 Nf6 43.Kd1 Rh1+
44.Kd2 Ne4+ 45.Kd3 Rh3 46.Rd7 Rxg3+ 47.Kd4 Rxa3 48.Bc4 Ra4 49.Kd3 Nc5+  0-1

[Event "Chess.com Rapid Wk8 Swiss"]
[Site "chess.com INT"]
[Date "2022.04.02"]
[Round "8"]
[White "Nakamura,Hi"]
[Black "Tabatabaei,M"]
[Result "1-0"]
[WhiteElo "2750"]
[BlackElo "2632"]

1.Nf3 d5 2.b3 Nf6 3.Bb2 Bf5 4.g3 h6 5.Bg2 e6 6.O-O Be7 7.d3 O-O 8.Nbd2 a5
9.c4 c6 10.a3 Bh7 11.Qc2 Nbd7 12.Rac1 Bd6 13.Rfd1 Qe7 14.Ra1 e5 15.e4 dxe4
16.dxe4 Rfd8 17.Nh4 Bc5 18.Nf1 Ng4 19.Rd2 Nf8 20.Re2 Ne6 21.Nf5 Bxf5 22.exf5 Nd4
23.Bxd4 Bxd4 24.Ra2 Rd7 25.h3 Nf6 26.Nd2 Rad8 27.Ne4 Nxe4 28.Bxe4 Bc5 29.Qc3 Bxa3
30.f6 gxf6 31.Qf3 Kf8 32.Qf5 Bb4 33.Qh7 Qc5 34.Qxh6+ Ke7 35.Qg7 Rd1+ 36.Kg2 Qd4
37.h4 Rc1 38.Bc2 Ke6 39.h5 Bf8 40.Qh7 Qg4 41.b4 Bxb4 42.c5 Ke7 43.Bb3 Rf8
44.Re4 Qd7 45.h6 Bxc5 46.Rae2 Rc3 47.Ba2 Qd3 48.Qf5 Qd6 49.h7 Rh8 50.Qh5 Kd8
51.Qxf7 Qf8 52.Qxb7 Bd4 53.Rxd4+ exd4 54.Qb8+ Kd7 55.Be6+ Ke7 56.Qc7+  1-0

[Event "Chess.com Rapid Wk8 KO"]
[Site "chess.com INT"]
[Date "2022.04.03"]
[Round "1.1"]
[White "Nakamura,Hi"]
[Black "Abdusattorov,Nodirbek"]
[Result "0-1"]
[WhiteElo "2750"]
[BlackElo "2661"]

1.Nf3 g6 2.e4 c5 3.c3 d5 4.e5 a6 5.d4 Nc6 6.h3 Bg7 7.Bd3 f6 8.exf6 Nxf6 9.O-O O-O
10.Re1 Nh5 11.dxc5 Nf4 12.Bc2 e5 13.Bxf4 Rxf4 14.Bb3 Be6 15.Nbd2 Qf6 16.Nf1 Rd8
17.Ne3 e4 18.Nh2 Ne5 19.Nhg4 Nxg4 20.Nxg4 Bxg4 21.hxg4 Rxf2 22.Rxe4 Rxb2
23.Re2 Bf8 24.g3 Qxc3 25.Rxb2 Bxc5+ 26.Kh1 Qxb2 27.Rc1 b6 28.Rc2 Qe5 29.Re2 Qg5
30.Kg2 Kg7 31.Rd2 d4 32.Qe2 Rd7 33.Rd1 Re7 34.Qf3 Qe3 35.Rf1 Qxf3+ 36.Rxf3 Re2+
37.Kf1 Re7 38.a4 Kh6 39.Bc4 Kg5 40.Bxa6 Kxg4 41.Be2 Kg5 42.Rb3 Re3 43.Rxe3 dxe3
44.Kg2 Kf5 45.Kf3 Ke5 46.Bb5 Kd4 47.Ke2 Bd6 48.Kf3 h5 49.Be2 g5 50.Kg2 g4
51.Bb5 Kc3  0-1

[Event "FIDE Grand Prix 3 Playoff"]
[Site "Berlin GER"]
[Date "2022.04.04"]
[Round "2.4"]
[White "So,W"]
[Black "Nakamura,Hi"]
[Result "1-0"]
[WhiteElo "2778"]
[BlackElo "2750"]

1.e4 e5 2.Nf3 Nc6 3.Bb5 Nf6 4.O-O Nxe4 5.Re1 Nd6 6.Nxe5 Be7 7.Bf1 Nxe5 8.Rxe5 O-O
9.d4 Ne8 10.d5 Bc5 11.Re1 d6 12.Nc3 Bf5 13.Bd3 Bxd3 14.Qxd3 Nf6 15.h3 h6
16.Bd2 Qd7 17.Qf3 Bd4 18.Rad1 Rae8 19.Rxe8 Nxe8 20.Qd3 Bb6 21.Re1 Nf6 22.Ne4 Qf5
23.g4 Qg6 24.Bc3 Nd7 25.Ng3 Qxd3 26.cxd3 g6 27.Kg2 Ne5 28.Rd1 Re8 29.Ne4 Kf8
30.Nf6 Re7 31.a4 a5 32.h4 c6 33.Bxe5 dxe5 34.d6 Re6 35.Nd7+ Kg7 36.Nxb6 Rxd6
37.Nc4 Rd4 38.f3 Kf6 39.b3 b5 40.axb5 cxb5 41.Nxa5 h5 42.gxh5 gxh5 43.Kg3 Rd6
44.b4 Kf5 45.Nb3 Rg6+ 46.Kf2 Ra6 47.Na5 Rd6 48.Ke3 Rd4 49.Nc6 Rxh4 50.d4 exd4+
51.Rxd4 Rh1 52.Rd5+ Kg6 53.Rxb5 h4 54.Ne5+ Kg7 55.Kf4 Rg1 56.Ng4 h3 57.Rg5+ Kf8
58.Rh5 Kg7 59.b5 Rb1 60.Rg5+ Kh7 61.Nf6+ Kh6 62.Ng4+ Kh7 63.Kg3 Rb3 64.Rf5 Kg6
65.Rf6+ Kg5  1-0

[Event "FIDE Grand Prix 3 Playoff"]
[Site "Berlin GER"]
[Date "2022.04.04"]
[Round "2.3"]
[White "Nakamura,Hi"]
[Black "So,W"]
[Result "1/2-1/2"]
[WhiteElo "2750"]
[BlackElo "2778"]

1.e4 e5 2.Nc3 Nf6 3.Bc4 Bc5 4.d3 c6 5.Qe2 O-O 6.Nf3 b5 7.Bb3 d6 8.O-O Nbd7
9.Bg5 a5 10.a4 b4 11.Nd1 h6 12.Be3 Re8 13.c3 Ba6 14.Qc2 bxc3 15.bxc3 Rb8
16.Re1 d5 17.Ba2 Bxe3 18.Nxe3 Nc5 19.Red1 dxe4 20.dxe4 Bd3 21.Qc1 Qb6 22.Nd2 Qa7
23.Ndc4 Nfxe4 24.f3 Nf6 25.Nd6 Rf8 26.Kh1 Be2 27.Rd2 Ba6 28.Nef5 Nb3 29.Bxb3 Rxb3
30.Qe1 Kh7 31.Nxg7 Kxg7 32.Qxe5 Qb8 33.h4 Rb1+ 34.Rxb1 Qxb1+ 35.Kh2 Qg6 36.Nf5+ Kh7
37.Rd6 Rg8 38.g3 Re8 39.Qxf6 Re2+ 40.Kh3 Bc8 41.g4 Bxf5 42.Qxf5 Qxf5 43.gxf5 c5
44.Ra6 Re3 45.Kg4 Rxc3 46.Rxa5 Rc4+ 47.Kg3 Rb4 48.h5 c4 49.Ra7 Kg7 50.Ra6 c3
51.f6+ Kh7 52.Rc6 Rxa4 53.Rc7 Kg8 54.Rc8+ Kh7 55.Rc7 Kg8 56.Rc8+ Kh7  1/2-1/2

[Event "FIDE Grand Prix 3 Playoff"]
[Site "Berlin GER"]
[Date "2022.04.04"]
[Round "2.1"]
[White "So,W"]
[Black "Nakamura,Hi"]
[Result "1/2-1/2"]
[WhiteElo "2778"]
[BlackElo "2750"]

1.d4 Nf6 2.c4 e6 3.Nc3 Bb4 4.Qc2 O-O 5.e4 d5 6.e5 Ne4 7.Bd3 c5 8.Nf3 cxd4
9.Nxd4 Nd7 10.Bf4 Qh4 11.g3 Qh5 12.O-O g5 13.cxd5 Bxc3 14.bxc3 exd5 15.Be3 Nxe5
16.f3 Nc5 17.Bf5 Ne6 18.Rae1 Nxd4 19.Bxd4 Nc6 20.f4 Nxd4 21.cxd4 gxf4 22.Rxf4 Bxf5
23.Rxf5 Qh6 24.Qc7 Rac8 25.Qe5 f6 26.Qxd5+ Kh8 27.Qxb7 Rc2 28.Rf2 Rxf2 29.Kxf2 Qxh2+
30.Qg2 Qh5  1/2-1/2

[Event "Chess.com Rapid Wk9 Swiss"]
[Site "chess.com INT"]
[Date "2022.04.09"]
[Round "1"]
[White "Nakamura,Hi"]
[Black "Narayanan,SL"]
[Result "1-0"]
[WhiteElo "2750"]
[BlackElo "2662"]

1.Nf3 Nf6 2.b3 g6 3.Bb2 Bg7 4.d4 O-O 5.e3 b6 6.Be2 Bb7 7.O-O e6 8.c4 d5 9.Nc3 Nbd7
10.Rc1 c5 11.Qc2 Rc8 12.Qb1 cxd4 13.Nxd4 dxc4 14.Ndb5 Nc5 15.Rfd1 Qe7 16.Nd6 Rcd8
17.Nxb7 Qxb7 18.Bxc4 Nfe4 19.Nxe4 Nxe4 20.Bxg7 Kxg7 21.Qb2+ Kg8 22.Be2 Rxd1+
23.Rxd1 Qc7 24.Bf3 Rd8 25.Rc1 Qd6 26.h4 Nc5 27.Qf6 e5 28.Qxd6 Rxd6 29.b4 Ne6
30.Bd1 Rd7 31.Bb3 Nc7 32.g4 h6 33.Kg2 Kf8 34.Rc6 Nd5 35.a3 Ne7 36.Rc3 Kg7
37.Kf3 f5 38.Ba4 Rb7 39.g5 hxg5 40.hxg5 e4+ 41.Kg3 b5 42.Bb3 Rd7 43.Kf4 a6
44.Ke5 Rd3 45.Rxd3 exd3 46.Kd4 d2 47.Kd3 f4 48.exf4 Nd5 49.Kxd2 Nxf4 50.Ke3 Ng2+
51.Ke4 Kf8 52.Bc2 Ne1 53.Bb1 Ke7 54.f4 Ke6 55.Ke3 Ng2+ 56.Kf3 Ne1+ 57.Kf2  1-0

[Event "Chess.com Rapid Wk9 Swiss"]
[Site "chess.com INT"]
[Date "2022.04.09"]
[Round "2"]
[White "Sarana,A"]
[Black "Nakamura,Hi"]
[Result "1/2-1/2"]
[WhiteElo "2675"]
[BlackElo "2750"]

1.d4 d5 2.c4 dxc4 3.Nf3 Nf6 4.e3 e6 5.Bxc4 c5 6.O-O a6 7.dxc5 Qxd1 8.Rxd1 Bxc5
9.Nfd2 Nc6 10.Nc3 O-O 11.Nde4 Be7 12.Nd6 Rd8 13.Nxc8 Rxd1+ 14.Nxd1 Rxc8 15.Bd2 Nb4
16.Bf1 Ne4 17.Be1 Rc6 18.Nc3 Nxc3 19.Bxc3 Nd5 20.Bd4 Bf6 21.Bxf6 Nxf6 22.Rd1 g5
23.Bd3 h6 24.h3 a5 25.g4 Kf8 26.Kf1 Ke7 27.Ke2 Ne8 28.h4 Nd6 29.hxg5 hxg5
30.Rh1 Rc5 31.Kd2 b6 32.Rh8 Ne8 33.a3 Nf6 34.f3 Nd7 35.Ra8 Rd5 36.Kc3 Rc5+
37.Kd2 Rc7 38.Rg8 Nc5 39.Bc2 Kf6 40.f4 gxf4 41.exf4 Nb7 42.g5+ Ke7 43.Rb8 Nd6
44.Bd3 Rb7 45.Ra8 Rc7 46.Rb8 Rb7 47.Rh8 b5 48.Ra8 a4 49.Ke3 Rc7 50.Rb8 Rc5
51.Ra8 e5 52.Ra7+ Ke6 53.f5+ Nxf5+ 54.Bxf5+ Kxf5 55.Rxf7+ Kxg5 56.Ke4 Rc2
57.Kxe5 Rxb2 58.Rb7 Rb3 59.Kd4 Kf4 60.Kc5 Rxa3 61.Rxb5 Ra1 62.Kb4 Ke4 63.Ra5 Kd4
64.Rxa4 Rb1+ 65.Ka5+  1/2-1/2

[Event "Chess.com Rapid Wk9 Swiss"]
[Site "chess.com INT"]
[Date "2022.04.09"]
[Round "3"]
[White "Nakamura,Hi"]
[Black "So,W"]
[Result "1/2-1/2"]
[WhiteElo "2750"]
[BlackElo "2778"]

1.d4 Nf6 2.c4 e6 3.Nf3 d5 4.Nc3 Be7 5.Bg5 h6 6.Bh4 dxc4 7.e3 c5 8.dxc5 Qxd1+
9.Rxd1 Nbd7 10.c6 bxc6 11.Bxc4 Rb8 12.Rd2 Nd5 13.Bxe7 Kxe7 14.Ne2 N7b6 15.Bb3 c5
16.O-O Ba6 17.Rc1 Rhc8 18.Bxd5 Nxd5 19.Nc3 Nxc3 20.Rxc3 f6 21.Ra3 Rb6 22.Rc2 Rc7
23.Nd2 Rd7 24.h3 Bd3 25.Rcc3 Rxb2 26.Nb3 Rc2 27.Rxc2 Bxc2 28.Nxc5 Rc7 29.Na6 Rb7
30.Rc3 Be4 31.Nc5 Rb1+ 32.Kh2 Bd5 33.e4 Bxa2 34.Ra3 Bc4 35.Rxa7+ Kd6 36.Nb7+ Ke5
37.Na5 Bb5 38.Rb7 Bd3 39.Rxg7 Bxe4 40.Nc4+ Kd4 41.Nd6 Rb2 42.Kg3 f5 43.Nxe4 Kxe4
44.f3+ Ke3 45.Rg6 e5 46.Rxh6 e4 47.Re6 Rb8 48.Rg6 Ke2 49.fxe4 fxe4 50.h4 e3
51.h5 Re8 52.Ra6 Kd3 53.Ra3+ Ke4 54.Ra2 Kd3 55.Ra3+ Kd2 56.Ra2+ Kd3 57.Ra3+  1/2-1/2

[Event "Chess.com Rapid Wk9 Swiss"]
[Site "chess.com INT"]
[Date "2022.04.09"]
[Round "4"]
[White "Martinez Alcantara,Jose Eduardo"]
[Black "Nakamura,Hi"]
[Result "1/2-1/2"]
[WhiteElo "2598"]
[BlackElo "2750"]

1.e4 c6 2.d4 d5 3.e5 Bf5 4.h4 h5 5.Bd3 Bxd3 6.Qxd3 e6 7.Nf3 Qa5+ 8.Nbd2 Qa6
9.c4 Nd7 10.O-O Ne7 11.b3 Nf5 12.a4 b6 13.Qc2 Be7 14.Ba3 Bxa3 15.Rxa3 Rc8
16.b4 O-O 17.Rc1 dxc4 18.Nxc4 Rfd8 19.Ne3 Ne7 20.Rc3 Nf8 21.Qb3 Nfg6 22.g3 Qb7
23.Qd1 Qd7 24.Rd3 c5 25.bxc5 bxc5 26.Ng5 cxd4 27.Rxc8 Qxc8 28.Rxd4 Rxd4 29.Qxd4 Nc6
30.Qd1 Ncxe5 31.Qxh5 f6 32.Qh7+ Kf8 33.h5 Qc1+ 34.Kh2 fxg5 35.hxg6 Nf3+ 36.Kg2 Ne1+
37.Kh3 Qb2 38.Qh8+ Ke7 39.Qa8 Qb6 40.Qg8 Qd4 41.Qf7+ Kd6 42.Qf8+ Kd7 43.Qf7+ Kd6
44.Qf8+ Kd7 45.Qf7+ Kd6  1/2-1/2

[Event "Chess.com Rapid Wk9 Swiss"]
[Site "chess.com INT"]
[Date "2022.04.09"]
[Round "5"]
[White "Nakamura,Hi"]
[Black "Matlakov,M"]
[Result "1-0"]
[WhiteElo "2750"]
[BlackElo "2674"]

1.Nf3 d5 2.b3 Nf6 3.Bb2 e6 4.g3 Be7 5.Bg2 c5 6.O-O O-O 7.d3 Nc6 8.Nbd2 b6
9.e4 Bb7 10.e5 Nd7 11.Re1 b5 12.h4 Nb6 13.h5 h6 14.Nf1 a5 15.N1h2 a4 16.Rb1 d4
17.Nd2 a3 18.Bc1 Nd5 19.Ra1 Nc3 20.Qg4 Kh8 21.Nb1 Nxb1 22.Rxb1 Qc7 23.Qe2 Nb4
24.Bxb7 Qxb7 25.Ra1 Rfc8 26.Rd1 Qd5 27.Nf3 Nxc2 28.Rb1 Nb4 29.Rd2 Qc6 30.Kg2 Nd5
31.Qe4 Qd7 32.Ra1 Nc3 33.Qf4 Qd5 34.Rc2 Bg5 35.Qg4 Bxc1 36.Raxc1 Rf8 37.Kh2 Rac8
38.Re1 Rfd8 39.Rd2 Ra8 40.Qf4 Rd7 41.g4 Rf8 42.Nh4 Kg8 43.Qg3 Qa8 44.f4 Qd8
45.g5 hxg5 46.fxg5 Rd5 47.Rf2 Qe7 48.Ref1 Rdd8 49.g6 f5 50.exf6 Rxf6 51.Rxf6 gxf6
52.h6 Nd5 53.Ng2 Qd6 54.Qxd6 Rxd6 55.Kg3 c4 56.dxc4 bxc4 57.bxc4 Nc3 58.Rh1 d3
59.h7+ Kh8 60.g7+  1-0

[Event "Chess.com Rapid Wk9 Swiss"]
[Site "chess.com INT"]
[Date "2022.04.09"]
[Round "6"]
[White "Nakamura,Hi"]
[Black "Tabatabaei,M"]
[Result "1-0"]
[WhiteElo "2750"]
[BlackElo "2632"]

1.Nf3 d5 2.b3 Bf5 3.Bb2 e6 4.g3 h6 5.Bg2 Nf6 6.Ne5 Be7 7.d3 Nbd7 8.Nxd7 Qxd7
9.Nd2 O-O 10.O-O a5 11.a3 Rfd8 12.e3 c5 13.a4 b5 14.axb5 Qxb5 15.Ra4 Bh7
16.Qa1 Ra6 17.Qa2 Rda8 18.Ra1 R8a7 19.Bf1 Qb8 20.Qb1 Ra8 21.R1a2 R6a7 22.Qa1 Qc7
23.c4 Bd8 24.cxd5 exd5 25.d4 Rb7 26.dxc5 Qxc5 27.Bd4 Qf8 28.Bc3 Ne4 29.Nxe4 Bxe4
30.b4 d4 31.Bxd4 Bd5 32.Rb2 Qe8 33.bxa5 Bc6 34.Raa2 Rxb2 35.Rxb2 Rxa5 36.Qb1 Ra8
37.Bd3 Bf6 38.Bxf6 gxf6 39.Rb4 Qe5 40.Rd4 Kg7 41.Qd1 Ra5 42.h4 Rd5 43.Qg4+ Kf8
44.Qc8+ Qe8 45.Qg4 Rxd4 46.Qxd4 Kg7 47.Qg4+ Kf8 48.Qf4 Kg7 49.Qf5 Qe5 50.Qh7+ Kf8
51.Qxh6+ Ke7 52.e4 Qa1+ 53.Kh2 Qd4 54.Qe3 Qe5 55.Qf4 Qd4 56.Qe3 Qe5 57.f3 Kf8
58.Be2 Kg8 59.Qd2 Kg7 60.Kg2 Qe7 61.Qd4 Bd7 62.g4 Qe6 63.Kf2 Kg8 64.Bc4 Qe7
65.Bd5 Be8 66.h5 Kf8 67.g5 Qd6 68.gxf6 Qh2+ 69.Ke1 Qh1+ 70.Ke2 Qxh5 71.Qc5+ Kg8
72.Qc8 Qh2+ 73.Kd3 Qe5 74.Qg4+  1-0